| 000 | 00370cam a22001337a 4500 | ||
|---|---|---|---|
| 008 | 180718b1943 xxu||||| |||| 00| 0 eng d | ||
| 082 | _aN104x54 Sh13 | ||
| 100 | _aShah, K.T. | ||
| 245 |
_aHow India pays for the war _cby K.T. Shah |
||
| 260 |
_aBombay _bPratibha _c1943 |
||
| 300 | _a164p. | ||
| 650 | _aWorld War, 1939-1945 --Finance --India | ||
| 650 | _aFinance --India | ||
| 999 |
_c435544 _d435544 |
||